[Event "Litomysl op 17th"]
[Site "Litomysl"]
[Date "2015.12.27"]
[Round "2"]
[White "Schmalz, Michal"]
[Black "Neuman, Petr"]
[Result "0-1"]
[WhiteElo "2086"]
[BlackElo "2426"]
[PlyCount "80"]
[EventDate "2015.12.26"]
[EventType "swiss"]
[EventRounds "9"]
[EventCountry "CZE"]
[SourceTitle "CBM 170 Extra"]
[Source "ChessBase"]
[SourceDate "2016.02.25"]
[SourceVersion "1"]
[SourceVersionDate "2016.02.25"]
[SourceQuality "1"]

1. e4 d6 2. d4 Nf6 3. Nc3 e5 4. dxe5 dxe5 5. Qxd8+ Kxd8 6. Bc4 Be6 7. Bxe6 fxe6 8. Be3 Bd6 9. f3 a6 10. 0-0-0 Ke7 11. Nh3 Nc6 12. Nf2 h6 13. Ne2 b5 14. Nd3 Nd7 15. f4 Rhb8 16. Rhf1 exf4 17. Bxf4 g5 18. Be3 Nce5 19. Nd4 Rf8 20. h3 Rxf1 21. Rxf1 c5 22. Nf3 Nxf3 23. gxf3 c4 24. Nf2 Rf8 25. Ng4 Bf4 26. Bxf4 gxf4 27. Nxh6 Rh8 28. Ng4 Rxh3 29. Rf2 Nf6 30. Ne5 Kd6 31. Nf7+ Kc5 32. Kd2 Rg3 33. Ke2 Rg7 34. Nd8 Re7 35. Rh2 Nd7 36. Rh6 Kd6 37. a4 bxa4 38. Kd2 Ne5 39. Ke2 c3 40. bxc3 a3 0-1

[Event "Valasska Bystrice op"]
[Site "Valasska Bystrice"]
[Date "2015.09.18"]
[Round "8"]
[White "Stancik, Jakub"]
[Black "Schmalz, Michal"]
[Result "1/2-1/2"]
[WhiteElo "1956"]
[BlackElo "2071"]
[PlyCount "112"]
[EventDate "2015.09.12"]
[EventType "swiss"]
[EventRounds "9"]
[EventCountry "CZE"]
[SourceTitle "EXT 2016"]
[Source "ChessBase"]
[SourceDate "2015.10.08"]
[SourceVersion "1"]
[SourceVersionDate "2015.10.08"]
[SourceQuality "1"]

1. e4 c5 2. Nf3 Nc6 3. d4 cxd4 4. Nxd4 g6 5. c4 Nf6 6. Nc3 d6 7. Be2 Nxd4 8. Qxd4 Bg7 9. Be3 0-0 10. Qd2 a5 11. a4 Be6 12. Bd4 Nd7 13. Bxg7 Kxg7 14. Qd4+ Kg8 15. b3 Qc7 16. 0-0 Qc5 17. Nb5 Qxd4 18. Nxd4 Nc5 19. Bf3 Bd7 20. Rab1 e5 21. Ne2 Bc6 22. Nc3 Ne6 23. Rfe1 Nd4 24. Red1 f5 25. Rb2 Kf7 26. exf5 gxf5 27. Bd5+ Ke7 28. Ne2 Bxd5 29. Nxd4 Bc6 30. Nb5 Bxb5 31. axb5 b6 32. f4 Rfd8 33. Rbd2 e4 34. Rd5 Ke6 35. g4 fxg4 36. Re1 a4 37. Rxe4+ Kd7 38. bxa4 Rxa4 39. Rg5 Re8 40. Rg7+ Kd8 41. Rxe8+ Kxe8 42. Kg2 Rxc4 43. Kg3 h5 44. Kh4 Rxf4 45. Kxh5 Rf2 46. Rb7 Rf5+ 47. Kxg4 Rxb5 48. h4 Kf8 49. h5 Kg8 50. h6 Kh8 51. h7 Rd5 52. Kf4 b5 53. Ke4 Rh5 54. Kd4 b4 55. Kc4 Rxh7 56. Rxh7+ Kxh7 1/2-1/2

[Event "Valasska Bystrice op"]
[Site "Valasska Bystrice"]
[Date "2015.09.14"]
[Round "4"]
[White "Perik, Alois"]
[Black "Schmalz, Michal"]
[Result "0-1"]
[WhiteElo "1814"]
[BlackElo "2071"]
[PlyCount "126"]
[EventDate "2015.09.12"]
[EventType "swiss"]
[EventRounds "9"]
[EventCountry "CZE"]
[SourceTitle "EXT 2016"]
[Source "ChessBase"]
[SourceDate "2015.10.08"]
[SourceVersion "1"]
[SourceVersionDate "2015.10.08"]
[SourceQuality "1"]

1. c4 e5 2. Nc3 Bb4 3. g3 Bxc3 4. bxc3 Nf6 5. Bg2 Nc6 6. d3 d6 7. Nf3 h6 8. 0-0 0-0 9. Rb1 Rb8 10. h3 Be6 11. Ba3 Qd7 12. Kh2 b6 13. e4 Ne7 14. Bc1 Nh7 15. Ng1 f5 16. f4 fxe4 17. Bxe4 Nf6 18. Bg2 Ng6 19. Qe2 exf4 20. Bxf4 Rbe8 21. Qd2 Nxf4 22. Rxf4 Nh7 23. Rbf1 a5 24. Rxf8+ Rxf8 25. Rxf8+ Nxf8 26. Nf3 Bf7 27. Nd4 Ne6 28. Nxe6 Qxe6 29. Bd5 Qe5 30. d4 Qf5 31. Bxf7+ Kxf7 32. d5 Kf6 33. Qe2 Qe5 34. Qf3+ Ke7 35. h4 g6 36. Qg4 Qf5 37. Qe2+ Kd7 38. Qe3 h5 39. a4 Qc2+ 40. Kh3 Qxa4 41. Qe6+ Kd8 42. Qxg6 Qd7+ 43. Kg2 Qe8 44. Qf6+ Kc8 45. Qf5+ Kb7 46. Qc2 a4 47. g4 hxg4 48. Kg3 a3 49. Kxg4 Qa8 50. Qa2 Qa5 51. h5 Qxc3 52. h6 Qb2 53. Qxb2 axb2 54. h7 b1Q 55. h8Q Qg1+ 56. Kf5 Qf1+ 57. Ke6 Qxc4 58. Kd7 Qb5+ 59. Ke6 Qe2+ 60. Kd7 Qg4+ 61. Ke7 Qg5+ 62. Kd7 Qf5+ 63. Ke7 Qe5+ 0-1

[Event "Valasska Bystrice op"]
[Site "Valasska Bystrice"]
[Date "2015.09.13"]
[Round "2"]
[White "Schmalz, Michal"]
[Black "Feix, Jiri"]
[Result "1-0"]
[WhiteElo "2071"]
[BlackElo "1235"]
[PlyCount "75"]
[EventDate "2015.09.12"]
[EventType "swiss"]
[EventRounds "9"]
[EventCountry "CZE"]
[SourceTitle "EXT 2016"]
[Source "ChessBase"]
[SourceDate "2015.10.08"]
[SourceVersion "1"]
[SourceVersionDate "2015.10.08"]
[SourceQuality "1"]

1. e4 e5 2. Nf3 Nc6 3. Bc4 Nf6 4. d4 exd4 5. e5 d5 6. Bb5 Ne4 7. Nxd4 Bd7 8. Bxc6 bxc6 9. 0-0 Bc5 10. Be3 Qe7 11. Nd2 0-0 12. Nxc6 Bxc6 13. Bxc5 Nxc5 14. f4 f5 15. Nf3 Ne6 16. Nd4 Qc5 17. c3 a5 18. Rf2 Rfe8 19. Nxe6 Rxe6 20. Qd4 Qb6 21. Rd1 Rd8 22. b4 axb4 23. cxb4 Rb8 24. a3 Ra8 25. Rf3 Ra4 26. Rc3 Ra6 27. Rdd3 h6 28. Rc5 Kf7 29. Rdc3 Qa7 30. Qd3 g6 31. h3 h5 32. Kh2 Qa8 33. b5 Rb6 34. bxc6 Rbxc6 35. Rxc6 Rxc6 36. Qxd5+ Kg7 37. Rxc6 Kh6 38. Qe6 1-0

[Event "Valasska Bystrice op"]
[Site "Valasska Bystrice"]
[Date "2014.09.14"]
[Round "2"]
[White "Schmalz, Michal"]
[Black "Svitak, Josef"]
[Result "1-0"]
[WhiteElo "2079"]
[BlackElo "1893"]
[PlyCount "67"]
[EventDate "2014.09.13"]
[EventType "swiss"]
[EventRounds "9"]
[EventCountry "CZE"]
[SourceTitle "CBM 162 Extra"]
[Source "ChessBase"]
[SourceDate "2014.10.17"]
[SourceVersion "1"]
[SourceVersionDate "2014.10.17"]
[SourceQuality "1"]

1. e4 d6 2. d4 Nf6 3. Nc3 g6 4. Be3 c6 5. Qd2 b5 6. a3 a6 7. Be2 Qc7 8. h3 Nbd7 9. f4 e6 10. Bf3 Bb7 11. Nge2 Nb6 12. b3 Bg7 13. 0-0 0-0 14. Rad1 Rfe8 15. Qe1 c5 16. dxc5 dxc5 17. Qf2 Nfd7 18. e5 Bxf3 19. Qxf3 Bf8 20. Ng3 b4 21. Nce4 Nd5 22. Ne2 Be7 23. c4 bxc3 24. N2xc3 N7b6 25. Bf2 Red8 26. Nxd5 exd5 27. Nf6+ Bxf6 28. exf6 Rd6 29. Bh4 Re8 30. f5 Qd8 31. Rfe1 d4 32. Qf4 Qd7 33. Qh6 Rxe1+ 34. Rxe1 1-0

[Event "Valasska Bystrice op"]
[Site "Valasska Bystrice"]
[Date "2014.09.13"]
[Round "1"]
[White "Biza, Miroslav"]
[Black "Schmalz, Michal"]
[Result "0-1"]
[WhiteElo "1709"]
[BlackElo "2079"]
[PlyCount "58"]
[EventDate "2014.09.13"]
[EventType "swiss"]
[EventRounds "9"]
[EventCountry "CZE"]
[SourceTitle "CBM 162 Extra"]
[Source "ChessBase"]
[SourceDate "2014.10.17"]
[SourceVersion "1"]
[SourceVersionDate "2014.10.17"]
[SourceQuality "1"]

1. d4 g6 2. c4 Bg7 3. Nc3 c5 4. d5 Bxc3+ 5. bxc3 f5 6. Nf3 Nf6 7. Qc2 Qa5 8. Nd2 d6 9. e3 Nbd7 10. Be2 Nb6 11. 0-0 Bd7 12. f3 Ba4 13. Qd3 Nfd7 14. f4 Nf6 15. Bf3 Bd7 16. Nb3 Qa6 17. Nd2 0-0-0 18. Bb2 Rhe8 19. Rfb1 e6 20. e4 fxe4 21. Bxe4 exd5 22. Bxg6 hxg6 23. Qxg6 Rf8 24. cxd5 Nc4 25. Bc1 Nxd2 26. Bxd2 Nxd5 27. Re1 Rg8 28. Qf7 Qc6 29. c4 Nxf4 0-1

[Event "Ricany op"]
[Site "Ricany"]
[Date "2013.08.29"]
[Round "7"]
[White "Franek, Jan1"]
[Black "Schmalz, Michal"]
[Result "1/2-1/2"]
[WhiteElo "1970"]
[BlackElo "2077"]
[PlyCount "105"]
[EventDate "2013.08.24"]
[EventType "swiss"]
[EventRounds "9"]
[EventCountry "CZE"]
[SourceTitle "EXT 2022"]
[Source "ChessBase"]
[SourceDate "2021.10.06"]
[SourceVersion "1"]
[SourceVersionDate "2021.10.06"]
[SourceQuality "1"]

1. e4 c5 2. Nf3 Nc6 3. d4 cxd4 4. Nxd4 g6 5. c4 Nf6 6. Nc3 d6 7. Be2 Nxd4 8. Qxd4 Bg7 9. Be3 0-0 10. Qd2 a5 11. f3 a4 12. 0-0 Qa5 13. Rab1 Be6 14. b4 axb3 15. axb3 Qb4 16. g4 Rfe8 17. Bd4 Nd7 18. Bxg7 Kxg7 19. Qd4+ Kg8 20. f4 Qc5 21. Qxc5 Nxc5 22. f5 Bd7 23. b4 Ra3 24. Rf3 Na4 25. Nd5 Ra2 26. Bd1 Bc6 27. Bb3 Bxd5 28. exd5 Ra3 29. Re3 f6 30. c5 dxc5 31. d6+ Kf8 32. Rbe1 Rxb3 33. dxe7+ Rxe7 34. Rxe7 Rxb4 35. h3 gxf5 36. gxf5 b5 37. Rxh7 Rd4 38. Rb7 Nc3 39. Re6 Ne4 40. Ra6 Ra4 41. Rc6 Ra8 42. Rxb5 Kg7 43. Rb7+ Kh6 44. Re7 Ra1+ 45. Kg2 Ra4 46. h4 Kh5 47. Rce6 Nd2 48. Rh7+ Kg4 49. Rxf6 Ne4 50. Rf8 Ra2+ 51. Kg1 Ra1+ 52. Kg2 Ra2+ 53. Kg1 1/2-1/2

[Event "Pardubice Czech op-B 24th"]
[Site "Pardubice"]
[Date "2013.07.21"]
[Round "3"]
[White "Bengtsson, Jessica"]
[Black "Schmalz, Michal"]
[Result "1-0"]
[WhiteElo "1917"]
[BlackElo "2101"]
[PlyCount "69"]
[EventDate "2013.07.19"]
[EventType "swiss"]
[EventRounds "9"]
[EventCountry "CZE"]
[SourceTitle "CBM 155 Extra"]
[Source "ChessBase"]
[SourceDate "2013.08.26"]
[SourceVersion "1"]
[SourceVersionDate "2013.08.26"]
[SourceQuality "1"]

1. e4 c5 2. c3 d5 3. exd5 Qxd5 4. d4 Nc6 5. Nf3 Bg4 6. Be2 e6 7. h3 Bh5 8. 0-0 Nf6 9. Be3 cxd4 10. cxd4 Be7 11. Nc3 Qd8 12. Qb3 Qb8 13. d5 exd5 14. Nxd5 Nxd5 15. Qxd5 Bg6 16. Nd4 0-0 17. Qb3 Be4 18. Rfd1 Rd8 19. Nxc6 Bxc6 20. Bc4 Qe5 21. Bxf7+ Kf8 22. Bg8 Qf5 23. Qe6 Qxe6 24. Bxe6 Rd6 25. Rxd6 Bxd6 26. Rd1 Ke7 27. Bg4 Be5 28. Bc5+ Kf6 29. Bd4 Bxd4 30. Rxd4 Re8 31. Kh2 Re1 32. Kg3 Ke5 33. Rd2 Bd5 34. a3 b5 35. f4+ 1-0

[Event "Ricany op"]
[Site "Ricany"]
[Date "2012.08.30"]
[Round "6"]
[White "Schmalz, Michal"]
[Black "Sedy, Pavel"]
[Result "1-0"]
[WhiteElo "2040"]
[BlackElo "2155"]
[PlyCount "101"]
[EventDate "2012.08.26"]
[EventType "swiss"]
[EventRounds "9"]
[EventCountry "CZE"]
[SourceTitle "CBM 150 Extra"]
[Source "ChessBase"]
[SourceDate "2012.10.19"]
[SourceVersion "1"]
[SourceVersionDate "2012.10.19"]
[SourceQuality "1"]

1. Nf3 b6 2. g3 Bb7 3. Bg2 e5 4. 0-0 e4 5. Ne1 Nf6 6. c4 Be7 7. Nc3 Bb4 8. Qc2 Bxc3 9. Qxc3 0-0 10. d3 h6 11. b3 Qe7 12. Bb2 Na6 13. Nc2 Rab8 14. Ne3 Qd6 15. Rad1 Rfd8 16. Nd5 Bxd5 17. cxd5 Qxd5 18. dxe4 Qc5 19. Qf3 Qh5 20. Qc3 Nc5 21. e5 Nfe4 22. Qd4 Ng5 23. f4 Nge6 24. Qc3 Qxe2 25. Bf3 Qb5 26. h4 Na6 27. Rd5 Qb4 28. Rfd1 Qxc3 29. Bxc3 Nf8 30. f5 c6 31. Rd6 Re8 32. Bh5 Nc5 33. Re1 Nb7 34. Rd4 g6 35. Bg4 Rbd8 36. Bd2 Kh7 37. fxg6+ fxg6 38. Rf4 Kg7 39. Ref1 Re7 40. e6 dxe6 41. Bc3+ e5 42. Bxe5+ Rxe5 43. Rf7+ Kg8 44. Rxb7 Re3 45. Kg2 Rd2+ 46. Rf2 Rdd3 47. Rb8 Rxg3+ 48. Kh2 g5 49. Rbxf8+ Kg7 50. R2f7+ Kg6 51. h5# 1-0

[Event "Ricany op"]
[Site "Ricany"]
[Date "2012.08.27"]
[Round "3"]
[White "Sindler, Michal"]
[Black "Schmalz, Michal"]
[Result "0-1"]
[WhiteElo "2144"]
[BlackElo "2040"]
[PlyCount "142"]
[EventDate "2012.08.26"]
[EventType "swiss"]
[EventRounds "9"]
[EventCountry "CZE"]
[SourceTitle "CBM 150 Extra"]
[Source "ChessBase"]
[SourceDate "2012.10.19"]
[SourceVersion "1"]
[SourceVersionDate "2012.10.19"]
[SourceQuality "1"]

1. e4 c5 2. Nf3 g6 3. d4 cxd4 4. Nxd4 Nc6 5. c4 Nf6 6. Nc3 d6 7. Be2 Nxd4 8. Qxd4 Bg7 9. f3 0-0 10. Qf2 e6 11. 0-0 Qa5 12. Rd1 Rd8 13. Rb1 d5 14. exd5 exd5 15. b4 Qc7 16. Nb5 Qe7 17. c5 Bf5 18. Bd3 Bxd3 19. Rxd3 a6 20. Nd4 Nd7 21. Bf4 Re8 22. Nb3 Be5 23. Bd2 Qf6 24. f4 Qf5 25. Qf3 Bc7 26. Qxd5 Qxd5 27. Rxd5 Nf6 28. Rd3 Rad8 29. Rxd8 Rxd8 30. Re1 Nd5 31. g3 f5 32. Kf1 Kf7 33. Ke2 Nf6 34. a3 Ne4 35. Rd1 Ke6 36. Be1 Rxd1 37. Kxd1 Kd5 38. Ke2 Kc4 39. Nd2+ Nxd2 40. Bxd2 Bd8 41. a4 Bf6 42. Be1 Bb2 43. b5 axb5 44. axb5 Kxb5 45. Kd3 Kxc5 46. Bf2+ Kd5 47. Bb6 Ba3 48. h3 Bc5 49. Bd8 Bf2 50. g4 h5 51. gxh5 gxh5 52. Bf6 b5 53. Bc3 Bg3 54. Be5 b4 55. Bb8 Bf2 56. Be5 Kc5 57. Bb8 Kb5 58. Be5 Be1 59. Bb2 Ka4 60. Kc4 Bd2 61. Be5 b3 62. Kd5 Bxf4 63. Bb2 Be3 64. Ke5 f4 65. Ke4 Kb4 66. Kd3 Kc5 67. Ke4 Kc4 68. Be5 Bc1 69. Bf6 Kb4 70. h4 Ka3 71. Kd3 Ka2 0-1

[Event "Ricany op"]
[Site "Ricany"]
[Date "2012.08.26"]
[Round "1"]
[White "Schmalz, Michal"]
[Black "Sedivy, Ondrej"]
[Result "1-0"]
[WhiteElo "2040"]
[BlackElo "1784"]
[PlyCount "85"]
[EventDate "2012.08.26"]
[EventType "swiss"]
[EventRounds "9"]
[EventCountry "CZE"]
[SourceTitle "CBM 150 Extra"]
[Source "ChessBase"]
[SourceDate "2012.10.19"]
[SourceVersion "1"]
[SourceVersionDate "2012.10.19"]
[SourceQuality "1"]

1. e4 e6 2. d4 d5 3. e5 c5 4. Nf3 cxd4 5. Bd3 Nc6 6. 0-0 Nge7 7. a3 Ng6 8. Re1 Qc7 9. Qe2 Be7 10. g3 0-0 11. h4 f6 12. Bxg6 hxg6 13. Bf4 fxe5 14. Nxe5 Nxe5 15. Bxe5 Bd6 16. Bxd6 Qxd6 17. Nd2 Bd7 18. Nb3 Qb6 19. Qd3 Rad8 20. Re5 Rf5 21. Rae1 Rf6 22. Qxd4 Qc6 23. Qc5 Rdf8 24. Qxc6 Bxc6 25. f4 Re8 26. Nd4 Bd7 27. Nf3 Rf5 28. Kf2 Rxe5 29. Nxe5 Bb5 30. Nxg6 Kh7 31. Ne5 Rc8 32. c3 d4 33. c4 Ba4 34. Rc1 Rd8 35. Ke2 a6 36. Kd3 Be8 37. Re1 Kh6 38. Re4 b6 39. Rxd4 Rc8 40. Rd6 b5 41. Rxe6+ Kh7 42. g4 bxc4+ 43. Kc3 1-0

[Event "Tabor op"]
[Site "Tabor"]
[Date "2012.08.03"]
[Round "7"]
[White "Schmalz, Michal"]
[Black "Vybiral, Zdenek"]
[Result "1/2-1/2"]
[WhiteElo "2049"]
[BlackElo "2187"]
[PlyCount "39"]
[EventDate "2012.07.29"]
[EventType "swiss"]
[EventRounds "9"]
[EventCountry "CZE"]
[SourceTitle "EXT 2013"]
[Source "ChessBase"]
[SourceDate "2012.11.22"]
[SourceVersion "1"]
[SourceVersionDate "2012.11.22"]
[SourceQuality "1"]

1. e4 c5 2. Nc3 Nc6 3. f4 e6 4. Nf3 d5 5. exd5 exd5 6. Bb5 Nf6 7. Bxc6+ bxc6 8. d3 Be7 9. 0-0 0-0 10. b3 c4 11. bxc4 dxc4 12. dxc4 Qb6+ 13. Kh1 Bf5 14. Ne5 Rad8 15. Qf3 Bb4 16. Rb1 Qc5 17. Rxb4 Qxb4 18. Nxc6 Qc5 19. Nxd8 Rxd8 20. Nd5 1/2-1/2

[Event "Tabor op"]
[Site "Tabor"]
[Date "2012.07.31"]
[Round "4"]
[White "Sourek, Martin"]
[Black "Schmalz, Michal"]
[Result "1/2-1/2"]
[WhiteElo "1808"]
[BlackElo "2049"]
[PlyCount "44"]
[EventDate "2012.07.29"]
[EventType "swiss"]
[EventRounds "9"]
[EventCountry "CZE"]
[SourceTitle "EXT 2013"]
[Source "ChessBase"]
[SourceDate "2012.11.22"]
[SourceVersion "1"]
[SourceVersionDate "2012.11.22"]
[SourceQuality "1"]

1. d4 g6 2. c4 Bg7 3. Nf3 c5 4. Nc3 cxd4 5. Nxd4 Nc6 6. e3 Nf6 7. Be2 0-0 8. 0-0 d5 9. b3 e5 10. Nxc6 bxc6 11. cxd5 Nxd5 12. Nxd5 cxd5 13. Ba3 Re8 14. Rc1 Qa5 15. Bc5 Qxa2 16. Bb5 Rd8 17. Be7 Qa5 18. Bxd8 Qxb5 19. Be7 Qd7 20. Bc5 Bb7 21. Qd2 d4 22. exd4 Bxg2 1/2-1/2

[Event "Tabor op"]
[Site "Tabor"]
[Date "2012.07.30"]
[Round "2"]
[White "Ganaus, Hannes"]
[Black "Schmalz, Michal"]
[Result "1-0"]
[WhiteElo "2318"]
[BlackElo "2049"]
[PlyCount "49"]
[EventDate "2012.07.29"]
[EventType "swiss"]
[EventRounds "9"]
[EventCountry "CZE"]
[SourceTitle "EXT 2013"]
[Source "ChessBase"]
[SourceDate "2012.11.22"]
[SourceVersion "1"]
[SourceVersionDate "2012.11.22"]
[SourceQuality "1"]

1. Nf3 g6 2. d4 Bg7 3. e3 c5 4. dxc5 Qa5+ 5. Nbd2 Qxc5 6. Be2 Nf6 7. 0-0 0-0 8. a3 d5 9. b4 Qc7 10. Bb2 Nc6 11. Rc1 a6 12. c4 dxc4 13. Nxc4 Rd8 14. Qe1 Be6 15. Na5 Bd5 16. Nd4 Qe5 17. Naxc6 bxc6 18. Rc2 Bxg2 19. Kxg2 Rxd4 20. Rc5 Rg4+ 21. Bxg4 Qxb2 22. Bf3 Rd8 23. Qc1 Qxa3 24. Rxc6 Nd5 25. Rc7 1-0

[Event "Ricany op"]
[Site "Ricany"]
[Date "2010.08.27"]
[Round "8"]
[White "Schmalz, Michal"]
[Black "Moravec, Vit"]
[Result "1/2-1/2"]
[WhiteElo "1985"]
[BlackElo "2065"]
[PlyCount "49"]
[EventDate "2010.08.21"]
[EventType "swiss"]
[EventRounds "9"]
[EventCountry "CZE"]
[SourceTitle "EXT 2022"]
[Source "ChessBase"]
[SourceDate "2021.10.06"]
[SourceVersion "1"]
[SourceVersionDate "2021.10.06"]
[SourceQuality "1"]

1. e4 c5 2. Nf3 e6 3. d4 cxd4 4. Nxd4 a6 5. Nc3 Qc7 6. Bd3 Nf6 7. 0-0 Be7 8. Be3 0-0 9. f4 d6 10. Qf3 Nc6 11. Kh1 Nxd4 12. Bxd4 e5 13. fxe5 dxe5 14. Qg3 Bd6 15. Rxf6 exd4 16. Rxd6 dxc3 17. bxc3 Qxc3 18. Rf1 Be6 19. e5 Qb4 20. c3 Qg4 21. Qxg4 Bxg4 22. Rb6 Rad8 23. Bc4 Be6 24. Bxe6 fxe6 25. Kg1 1/2-1/2

[Event "Ricany op"]
[Site "Ricany"]
[Date "2010.08.22"]
[Round "3"]
[White "Plasil, Petr"]
[Black "Schmalz, Michal"]
[Result "0-1"]
[WhiteElo "1859"]
[BlackElo "1985"]
[PlyCount "111"]
[EventDate "2010.08.21"]
[EventType "swiss"]
[EventRounds "9"]
[EventCountry "CZE"]
[SourceTitle "EXT 2022"]
[Source "ChessBase"]
[SourceDate "2021.10.06"]
[SourceVersion "1"]
[SourceVersionDate "2021.10.06"]
[SourceQuality "1"]

1. g3 Nf6 2. Bg2 g6 3. d3 Bg7 4. Nd2 0-0 5. e3 d5 6. Ne2 c5 7. 0-0 b6 8. h3 Bb7 9. f4 Nbd7 10. f5 e5 11. g4 g5 12. d4 e4 13. Nb3 Qc7 14. Bd2 Rfd8 15. Be1 Bf8 16. Bg3 Bd6 17. Qe1 Ba6 18. Bxd6 Qxd6 19. Qf2 Kf8 20. Rfe1 Bxe2 21. Qxe2 c4 22. Nc1 Ke7 23. Bf1 h5 24. gxh5 Rh8 25. Qg2 Rxh5 26. Ne2 Rah8 27. Qg3 g4 28. hxg4 Nxg4 29. Qxd6+ Kxd6 30. Ng3 Rg5 31. Bg2 Rhg8 32. Nf1 Rxf5 33. Re2 Rfg5 34. c3 f5 35. Rc2 Ndf6 36. b3 Nh5 37. bxc4 dxc4 38. Re1 f4 39. exf4 Nxf4 40. Rxe4 Nxg2 41. Rxg2 Nf6 42. Ree2 Nd5 43. Rxg5 Rxg5+ 44. Kf2 Rf5+ 45. Ke1 Nxc3 46. Rc2 Nd5 47. Nd2 b5 48. Ne4+ Kc6 49. a4 Nb4 50. axb5+ Kd5 51. Re2 Kxd4 52. Nd6 Rc5 53. Rd2+ Nd3+ 54. Ke2 Re5+ 55. Kd1 Re1+ 56. Kc2 0-1

[Event "Kouty nad Desnou op-A"]
[Site "Kouty nad Desnou"]
[Date "2010.03.12"]
[Round "8"]
[White "Schmalz, Michal"]
[Black "Vojir, Vaclav Jr"]
[Result "1-0"]
[WhiteElo "2004"]
[BlackElo "1773"]
[PlyCount "77"]
[EventDate "2010.03.06"]
[EventType "swiss"]
[EventRounds "9"]
[EventCountry "CZE"]
[SourceTitle "CBM 135 Extra"]
[Source "ChessBase"]
[SourceDate "2010.05.04"]
[SourceVersion "1"]
[SourceVersionDate "2010.05.04"]
[SourceQuality "1"]

1. e4 c6 2. d4 d5 3. f3 dxe4 4. Bc4 e5 5. Be3 exd4 6. Bxd4 c5 7. Bc3 Qxd1+ 8. Kxd1 e3 9. Nh3 Bxh3 10. gxh3 Nc6 11. Re1 0-0-0+ 12. Kc1 Re8 13. Bxf7 Re7 14. Bd5 Kc7 15. Be4 Nf6 16. Rxe3 Nd5 17. Re1 Nf4 18. Bd2 Nxh3 19. Nc3 Re8 20. Nd5+ Kb8 21. Be3 g5 22. Nf6 Rd8 23. Nxh7 Be7 24. c3 Rdg8 25. Bf5 Rg7 26. Bxh3 Rgxh7 27. Bf5 Rxh2 28. Be4 Rh1 29. Kc2 R1h2+ 30. Bd2 Ne5 31. Bd5 Bf6 32. Rad1 g4 33. fxg4 Nxg4 34. Kc1 Ka8 35. Bf4 Rf2 36. Bg3 Rf5 37. Be4 Bg5+ 38. Kb1 Rff8 39. Rd7 1-0

[Event "Kouty nad Desnou op-A"]
[Site "Kouty nad Desnou"]
[Date "2010.03.10"]
[Round "6"]
[White "Straka, Vojtech"]
[Black "Schmalz, Michal"]
[Result "1-0"]
[WhiteElo "2076"]
[BlackElo "2004"]
[PlyCount "83"]
[EventDate "2010.03.06"]
[EventType "swiss"]
[EventRounds "9"]
[EventCountry "CZE"]
[SourceTitle "CBM 135 Extra"]
[Source "ChessBase"]
[SourceDate "2010.05.04"]
[SourceVersion "1"]
[SourceVersionDate "2010.05.04"]
[SourceQuality "1"]

1. d4 Nf6 2. c4 e5 3. dxe5 Ng4 4. Bf4 Nc6 5. Nf3 Bb4+ 6. Nbd2 Qe7 7. a3 Bxd2+ 8. Qxd2 Ngxe5 9. Nxe5 Nxe5 10. e3 d6 11. Be2 Bd7 12. b4 Bc6 13. 0-0 b6 14. Qc3 Ng6 15. Bg3 0-0 16. c5 dxc5 17. bxc5 Bd5 18. a4 Rfe8 19. a5 Qg5 20. Rfd1 Rad8 21. Rd4 bxc5 22. Qxc5 c6 23. Qxa7 Nf8 24. Rg4 Qh6 25. Re1 Ra8 26. Qc5 Ne6 27. Qc3 f5 28. Rh4 Qg5 29. Ra4 Qe7 30. Bc4 Nc5 31. Bxd5+ cxd5 32. Ra2 Ne4 33. Qd4 Qb7 34. f3 Nxg3 35. hxg3 Ra6 36. Rd1 Rd8 37. Qd3 g6 38. Kf2 Rdd6 39. Rdd2 Qc7 40. Qb5 Qc6 41. Qb8+ Kg7 42. Rdc2 1-0

[Event "Harrachov op-A"]
[Site "Harrachov"]
[Date "2009.10.31"]
[Round "9"]
[White "Schmalz, Michal"]
[Black "Svoboda, Vaclav1"]
[Result "0-1"]
[WhiteElo "1962"]
[BlackElo "2292"]
[PlyCount "82"]
[EventDate "2009.10.24"]
[EventType "swiss"]
[EventRounds "9"]
[EventCountry "CZE"]
[SourceTitle "EXT 2012"]
[Source "ChessBase"]
[SourceDate "2011.11.24"]
[SourceVersion "1"]
[SourceVersionDate "2011.11.24"]
[SourceQuality "1"]

1. e4 c5 2. Nf3 Nc6 3. d4 cxd4 4. Nxd4 Nf6 5. Nc3 d6 6. Be2 e6 7. 0-0 Be7 8. Be3 0-0 9. f4 Qc7 10. Kh1 a6 11. a4 Bd7 12. Nb3 Na5 13. Nxa5 Qxa5 14. Qd4 Bc6 15. Bf3 Qc7 16. a5 Nd7 17. Rfd1 Rac8 18. Qd2 Rfd8 19. g4 Nc5 20. Qg2 b5 21. axb6 Qxb6 22. Ra2 Bf6 23. g5 Bxc3 24. bxc3 Qb7 25. Bxc5 dxc5 26. Rda1 Ra8 27. Qe2 a5 28. Rxa5 Rxa5 29. Rxa5 Qb1+ 30. Kg2 Qc1 31. Rxc5 Rd2 32. Rxc6 Rxe2+ 33. Bxe2 g6 34. Bd3 Qxf4 35. Rc5 Qe3 36. Rb5 Qd2+ 37. Kg3 Qxc3 38. h4 Qe1+ 39. Kg4 Qe3 40. h5 Qg1+ 41. Kh3 Qh1+ 0-1

[Event "Harrachov op-A"]
[Site "Harrachov"]
[Date "2009.10.27"]
[Round "4"]
[White "Straka, Vojtech"]
[Black "Schmalz, Michal"]
[Result "1/2-1/2"]
[WhiteElo "2044"]
[BlackElo "1962"]
[PlyCount "38"]
[EventDate "2009.10.24"]
[EventType "swiss"]
[EventRounds "9"]
[EventCountry "CZE"]
[SourceTitle "EXT 2012"]
[Source "ChessBase"]
[SourceDate "2011.11.24"]
[SourceVersion "1"]
[SourceVersionDate "2011.11.24"]
[SourceQuality "1"]

1. d4 Nf6 2. Nf3 g6 3. c4 d5 4. cxd5 Qxd5 5. g3 c6 6. Bg2 Bg7 7. 0-0 Qh5 8. Qb3 Nbd7 9. Nc3 Nb6 10. h4 0-0 11. a4 Be6 12. Qc2 Nbd5 13. a5 Nxc3 14. bxc3 Bd5 15. Ba3 Rfe8 16. Rfe1 Be4 17. Qa4 Qb5 18. Bb4 Nd5 19. e3 Rac8 1/2-1/2

[Event "Harrachov op-A"]
[Site "Harrachov"]
[Date "2009.10.24"]
[Round "1"]
[White "Luzikova, Nicola"]
[Black "Schmalz, Michal"]
[Result "0-1"]
[WhiteElo "1775"]
[BlackElo "1962"]
[PlyCount "98"]
[EventDate "2009.10.24"]
[EventType "swiss"]
[EventRounds "9"]
[EventCountry "CZE"]
[SourceTitle "EXT 2012"]
[Source "ChessBase"]
[SourceDate "2011.11.24"]
[SourceVersion "1"]
[SourceVersionDate "2011.11.24"]
[SourceQuality "1"]

1. e4 c6 2. d4 d5 3. Nc3 dxe4 4. Nxe4 Bf5 5. Ng3 Bg6 6. Nf3 Nd7 7. Bd3 Qc7 8. 0-0 Ngf6 9. c4 e6 10. Qb3 Bd6 11. Be3 Ng4 12. Rfe1 0-0-0 13. Qc3 Bxd3 14. Qxd3 h5 15. Nf1 Nxe3 16. Rxe3 Bf4 17. Re2 Ne5 18. Nxe5 Bxe5 19. d5 cxd5 20. cxd5 Rxd5 21. Qb3 Kb8 22. Rc2 Qd7 23. Ne3 Rd3 24. Qb4 Rd8 25. g3 Bc7 26. Rac1 Bb6 27. Qf4+ Ka8 28. Qxf7 a6 29. Qxd7 R8xd7 30. Nc4 Bd4 31. Re1 Rc7 32. Rxe6 b5 33. Ne3 Rxc2 34. Nxc2 Bxb2 35. Rxa6+ Kb7 36. Re6 Rd2 37. Ne3 Bd4 38. Re7+ Kc6 39. Re4 Bxe3 40. Rxe3 Rxa2 41. Re7 b4 42. Re3 Kc5 43. Kf1 Kc4 44. Ke1 b3 45. Re8 b2 46. Rc8+ Kb3 47. Rb8+ Kc2 48. Rc8+ Kb1 49. Kd1 Ka1 0-1